English language and literature teaching in India : (Record no. 128107)
[ view plain ]
| 000 -LEADER | |
|---|---|
| fixed length control field | 00899nam a22002417a 4500 |
| 005 - DATE AND TIME OF LATEST TRANSACTION | |
| control field | 20170124110035.0 |
| 010 ## - LIBRARY OF CONGRESS CONTROL NUMBER | |
| LC control number | B-059658 |
| 020 ## - INTERNATIONAL STANDARD BOOK NUMBER | |
| Terms of availability | 00.00 |
| International Standard Book Number | 8121508908 |
| 035 ## - SYSTEM CONTROL NUMBER | |
| System control number | B-059658 |
| 037 ## - SOURCE OF ACQUISITION | |
| Source of stock number/acquisition | Cen Lib/Ret |
| 040 ## - CATALOGING SOURCE | |
| Original cataloging agency | DPL |
| Language of cataloging | EN |
| 082 ## - DEWEY DECIMAL CLASSIFICATION NUMBER | |
| Classification number | 372.6016 |
| Item number | GAN |
| 100 ## - MAIN ENTRY--PERSONAL NAME | |
| Personal name | Ganguly, S. R. |
| 9 (RLIN) | 22422 |
| 245 ## - TITLE STATEMENT | |
| Title | English language and literature teaching in India : |
| Statement of responsibility, etc | by S. R. Ganguly [and] L. S. Ramaiah |
| Remainder of title | a bibliography / |
| 260 ## - PUBLICATION, DISTRIBUTION, ETC. (IMPRINT) | |
| Place of publication, distribution, etc | New Delhi |
| Name of publisher, distributor, etc | Munshiram Manoharlal Publishers |
| Date of publication, distribution, etc | 2000 |
| 270 ## - ADDRESS | |
| City | New Delhi |
| Address | Post Box 5715, 54 Rani Jhansi Road |
| Postal code | 110055 |
| 300 ## - PHYSICAL DESCRIPTION | |
| Extent | xxi,184p. |
| Dimensions | 22cm(Hb) |
| 500 ## - GENERAL NOTE | |
| General note | Includes bibliographical references and index<br/><br/> |
| 650 ## - SUBJECT ADDED ENTRY--TOPICAL TERM | |
| Topical term or geographic name as entry element | English philology -- Study and teaching -- India -- Bibliography |
| 9 (RLIN) | 22423 |
| 650 ## - SUBJECT ADDED ENTRY--TOPICAL TERM | |
| Topical term or geographic name as entry element | English language -- India -- Bibliography |
| 9 (RLIN) | 22424 |
| 700 ## - ADDED ENTRY--PERSONAL NAME | |
| Personal name | Ramaiah, L. S. |
| 9 (RLIN) | 970 |
| 942 ## - ADDED ENTRY ELEMENTS (KOHA) | |
| Source of classification or shelving scheme | Dewey Decimal Classification |
| Koha item type | English Books |
| Classification part | 372.6016 |
| Call number suffix | GAN |
| Withdrawn status | Lost status | Damaged status | Not for loan | Home library | Current library | Date acquired | Source of acquisition | Cost, normal purchase price | Total Checkouts | Full call number | Barcode | Date last seen | Copy number | Cost, replacement price | Price effective from | Koha item type |
|---|---|---|---|---|---|---|---|---|---|---|---|---|---|---|---|---|
| Central Library | Central Library | 01/07/2015 | Cen Lib/Ret | 0.00 | 372.6016 GAN | B-059658 | 01/07/2015 | 1 | 0.00 | 01/07/2015 | English Books |
